000 00470nam a2200157 i 4500
001 29903
003 ES-MaACL
005 20230906154116.0
007 t|
008 030123s1969 sp ||||1| spa d
245 0 0 _aBases farmacológicas de la terapéutica medicamentosa /
_cF.G. Valdecasas... [et al.].
260 _aBarcelona, etc. :
_bSalvat,
_c1969.
300 _aXI, 197 p. ;
_c26 cm.
700 1 _aValdecasas, F.G.
_9112482
852 _aES-MaACL
_jC-36908
_bR.68775
999 _c29903
_d29903